| 000 | 00748cam a22002294a 4500 | ||
|---|---|---|---|
| 005 | 20131028102548.0 | ||
| 008 | 041028s2005 nju b 000 0 eng | ||
| 020 | _a0765802732 | ||
| 041 | 0 | _aeng | |
| 080 | _a327 | ||
| 245 | 0 | 0 |
_aChallenges of globalization : _cAlfred Pfaller, Marika Lerch, editors. |
| 260 |
_aNew Brunswick, N.J. : _bTransaction Publishers, _cc2005. |
||
| 300 |
_avii, 267 p. ; _c24 cm. |
||
| 500 | _aAcknowledgements : f. VII | ||
| 504 | _aIncludes bibliographical references. | ||
| 650 | 0 | _aMarrëdhëniet ekonomike ndërkombëtare | |
| 650 | 0 | _aNacionalizmi | |
| 650 | 0 | _aGlobalizimi | |
| 700 | 1 | _aPfaller, Alfred. | |
| 700 | 1 | _aLerch, Marika. | |
| 942 |
_2udc _cBK |
||
| 999 |
_c180 _d180 |
||